000
00216nam a22001097a 4500
999
_c
65159
_d
65156
082
_a
297.923ش ب ل
100
_a
شبلی
245
_a
سیرۃالنبی
260
_a
کراچی
300
_a
۲۱۴
942
_c
BK